| 000 -LEADER |
| fixed length control field |
00802nam a22001577a 4500 |
| 003 - CONTROL NUMBER IDENTIFIER |
| control field |
OSt |
| 005 - DATE AND TIME OF LATEST TRANSACTION |
| control field |
20150930112218.0 |
| 008 - FIXED-LENGTH DATA ELEMENTS--GENERAL INFORMATION |
| fixed length control field |
150930b xxu||||| |||| 00| 0 eng d |
| 040 ## - CATALOGING SOURCE |
| Transcribing agency |
RUA |
| 082 ## - DEWEY DECIMAL CLASSIFICATION NUMBER |
| Classification number |
AGR HOU 2011 B047 Or.1 |
| 100 ## - MAIN ENTRY--PERSONAL NAME |
| 9 (RLIN) |
1599 |
| Personal name |
HOUN, SOTHEARETH. |
| 245 ## - TITLE STATEMENT |
| Title |
Effects of weed control on senpidea rice in prateahlang soil conditional in tram kok district, takeo province (ឥទ្ធិពលបច្ចេកទេសកំចាត់ស្មៅចង្រៃលើដំណាំស្រូវសែនពិដោក្នុងលក្ខខណ្ឌដីប្រទះឡាងនៅរដូវវស្សាស្រុកត្រាំកក់ខេត្តតាកែវ) |
| 260 ## - PUBLICATION, DISTRIBUTION, ETC. (IMPRINT) |
| Place of publication, distribution, etc. |
Phnom Penh |
| Name of publisher, distributor, etc. |
RUA |
| Date of publication, distribution, etc. |
2011 |
| 300 ## - PHYSICAL DESCRIPTION |
| Extent |
xi, 46p. |
| Other physical details |
ill. |
| Dimensions |
29cm. |
| 942 ## - ADDED ENTRY ELEMENTS (KOHA) |
| Source of classification or shelving scheme |
|
| Koha item type |
AGR |